Squadra della stagione della UEFA Champions League - 2022-2023 - Statistics

Statistiche generali
  • Questo quiz è stato fatto 22 volte
  • Il punteggio medio è 10 su 11
Statistiche sulle risposte
Ruolo Nazione Squadra Calciatore % Corretto
Attaccante Norvegia Manchester City Erling Haaland
100%
Centrocampista Belgio Manchester City Kevin De Bruyne
100%
Portiere Belgio Real Madrid Thibaut Courtois
100%
Attaccante Brasile Real Madrid Vinícius
100%
Difensore Italia Inter Alessandro Bastoni
90%
Centrocampista Spagna Manchester City Rodri
90%
Attaccante Portogallo Manchester City Bernardo Silva
86%
Difensore Inghilterra Manchester City Kyle Walker
86%
Difensore Portogallo Manchester City Rúben Dias
86%
Difensore Italia Inter Federico Dimarco
81%
Centrocampista Inghilterra Manchester City John Stones
76%
Nessun quiz corrispondente trovato
Distribuzione punteggi
Percentuale di utenti per punteggio
Percentile per numero di risposta
I tuoi punteggi nel tempo
Non hai fatto questo quiz